1918 (Record no. 2715)
[ view plain ]
| 000 -LEADER | |
|---|---|
| fixed length control field | 01505cam a22002531 4500 |
| 001 - CONTROL NUMBER | |
| control field | 2715 |
| 003 - CONTROL NUMBER IDENTIFIER | |
| control field | FISKH |
| 005 - DATE AND TIME OF LATEST TRANSACTION | |
| control field | 20240111093846.0 |
| 008 - FIXED-LENGTH DATA ELEMENTS--GENERAL INFORMATION | |
| fixed length control field | 750512t19631962nyua 000 0 eng |
| 010 ## - LIBRARY OF CONGRESS CONTROL NUMBER | |
| LC control number | 62010104 |
| 035 ## - SYSTEM CONTROL NUMBER | |
| System control number | (OCoLC)1327756 |
| 040 ## - CATALOGING SOURCE | |
| Original cataloging agency | DLC |
| Transcribing agency | FM |
| Modifying agency | OCoLC |
| -- | DLC |
| 050 00 - LIBRARY OF CONGRESS CALL NUMBER | |
| Classification number | D530 |
| Item number | .P5 1963 |
| 082 ## - DEWEY DECIMAL CLASSIFICATION NUMBER | |
| Classification number | 940.43 |
| 100 1# - MAIN ENTRY--PERSONAL NAME | |
| Personal name | Pitt, Barrie. |
| 245 10 - TITLE STATEMENT | |
| Title | 1918 |
| Remainder of title | the last act |
| Statement of responsibility, etc. | barrie pitt |
| 250 ## - EDITION STATEMENT | |
| Edition statement | Corgi edition published 1965 |
| 260 ## - PUBLICATION, DISTRIBUTION, ETC. | |
| Place of publication, distribution, etc. | New York, |
| Name of publisher, distributor, etc. | Cassel |
| Date of publication, distribution, etc. | 1962 |
| 300 ## - PHYSICAL DESCRIPTION | |
| Extent | 318 pages : |
| Other physical details | illustrations |
| Dimensions | 22 cm. |
| 520 ## - SUMMARY, ETC. | |
| Summary, etc. | By 1918, after three years of war, Europe was weary of the stalemate and the terrible slaughter on the Western Front. The Russian Front had collapsed but the United States had abandoned her neutral stance and joined the Allies. So the stage was set for what would be the last year of the Great War. Acclaimed historian Barrie Pitt describes the savage battles that raged unceasingly along the Western Front, and analyses the policies of the warring powers and studies the men who led them. From the German onslaught of 21st March 1918 - the Kaiser's Battle designed to force a resolution before America's armies could tip the balance - through the struggles in Champagne and the Second Battle of the Marne to the turning point in August and final victory, the author gathers together scattered material to make an enthralling book. |
| 650 #0 - SUBJECT ADDED ENTRY--TOPICAL TERM | |
| Topical term or geographic name entry element | World War, 1914-1918. |
| 906 ## - LOCAL DATA ELEMENT F, LDF (RLIN) | |
| a | 7 |
| b | cbc |
| c | oclcrpl |
| d | u |
| e | ncip |
| f | 19 |
| g | y-gencatlg |
| 942 ## - ADDED ENTRY ELEMENTS (KOHA) | |
| Source of classification or shelving scheme | Dewey Decimal Classification |
| Koha item type | Books |
| Suppress in OPAC | No |
| Withdrawn status | Lost status | Source of classification or shelving scheme | Damaged status | Not for loan | Collection | Home library | Current library | Shelving location | Date acquired | Total Checkouts | Full call number | Barcode | Date last seen | Price effective from | Koha item type |
|---|---|---|---|---|---|---|---|---|---|---|---|---|---|---|---|
| Withdrawn | Dewey Decimal Classification | Damaged | Non-Fiction | Footprints International School Library Network Toul Kork Campus | Footprints International School Library Network Toul Kork Campus | 01/11/2024 | PIT 940.4 D530.P5 | 2024-0012 | 01/11/2024 | 01/11/2024 | Books |
